000 00404nam a2200133Ia 4500
005 20260328104308.0
008 260328s9999||||xx |||||||||||||| ||und||
100 _aGutiérrez, Luis Jose
245 0 _aAccesibilidad :
_b Personas con discapacidad y Diseño arquitectónico /
_cLuis Jose Gutiérrez
260 _bUniversidad Iberoamericana
300 _a2015 p.
650 _aDISCAPACIDAD
942 _cBK
999 _c10857
_d10857